000 00344nam a2200157Ia 4500
100 _aYoung/Margaret Levine
650 _aInternet
942 _cBK
366 _f25
245 _aInternet:Complete Reference
260 _bTata Mc Graw hill Ltd.
_c2002
082 _a4.6
_bYOU
300 _a857
546 _aENGLISH
_cComputers
999 _c33645
_d33645